01180 2200253 4500001002100000005001500021035002000036007000300056008004100059020002200100082001100122084001700133100002800150245010800178250000600286260004200292300004600334700003100380700003000411500006400441650001800505520038600523990001700909INLIS00000000000160520260504094456 a0010-1123000236ta260504 c 0 ind  a978-623-216-841-1 a612.88 a612.88 RUT s0 aRuth Owen ( Pengarang )1 aSaat aku Bergerak :bAll about my body /cRuth Owen ; editor, Mark J. Sachner ; alih bahasa, Andi Wahyu a- aJakarta :bBhuana Ilmu populer,c2020 a22 :bilus. ; gambar berwarna ;c24 cme-0 aMark J. Sachner ( Editor )0 aAndi Wahyu ( Penerjemah ) ajudul asli : My body inside and out - what happens i Move ? 4aTubuh Manusia aAll About My Body: Saat Aku Bergerak adalah buku nonfiksi anak yang menjelaskan seputar apa yang terjadi saat kita bergerak, mengapa kita bisa bergerak, harus tidur, dan hal-hal lain seputar itu. Dengan pembahasan yang menarik dan ringkas, buku ini bisa mengajak anak untuk memahami lebih lanjut seputar tubuhnya sendiri. Yuk, cari tahu fakta-fakta menarik lainnya tentang tubuhmu! a00165/K/2022